[Event "Open Olimpico A Maggio"]
[Site "Torino ITA"]
[Date "2006.05.28"]
[Round "8"]
[White "Iudicello, Massimo"]
[Black "Al Sulaiti, Ghanem"]
[Result "1-0"]
[WhiteElo "2141"]
[BlackElo "2135"]
[PlyCount "65"]
[EventDate "2006.05.22"]

1. e4 c5 2. Nf3 Nc6 3. d4 cxd4 4. Nxd4 Nf6 5. Nc3 e5 6. Ndb5 d6 7. Bg5 a6 8.
Na3 b5 9. Nd5 Be7 10. Bxf6 Bxf6 11. c3 Bg5 12. Bd3 Ne7 13. Nxe7 Qxe7 14. c4 d5
15. cxd5 Qb4+ 16. Ke2 Qxb2+ 17. Nc2 O-O 18. Re1 f5 19. Kf1 f4 20. Be2 Bd7 21.
Rb1 Qxa2 22. Nb4 Qa5 23. Bg4 Qc7 24. d6 Qc4+ 25. Kg1 Bxg4 26. Qxg4 Bf6 27. Nd5
Qc6 28. Qe6+ Rf7 29. Rec1 Qe8 30. Ne7+ Kf8 31. d7 Qxe7 32. Rc8+ Qd8 33. Qe8+
1-0

[Event "Open Olimpico A Maggio"]
[Site "Torino ITA"]
[Date "2006.05.28"]
[Round "8"]
[White "Kruijf, Caspar"]
[Black "Giacomasso, Enrico"]
[Result "1/2-1/2"]
[WhiteElo "2012"]
[BlackElo "1942"]
[PlyCount "27"]
[EventDate "2006.05.22"]

1. e4 c5 2. Nc3 Nc6 3. g3 g6 4. Bg2 Bg7 5. d3 d6 6. Be3 e5 7. Qd2 Nge7 8. Bh6
O-O 9. h4 Nd4 10. O-O-O f6 11. Bxg7 Kxg7 12. f4 Bg4 13. Rf1 Rc8 14. Bh3 1/2-1/2

[Event "Open Olimpico A Maggio"]
[Site "Torino ITA"]
[Date "2006.05.28"]
[Round "8"]
[White "Machin Arbelo, Pedro Alexis"]
[Black "Perez Aleman, Pedro Tomas"]
[Result "1/2-1/2"]
[WhiteElo "2115"]
[BlackElo "2205"]
[PlyCount "25"]
[EventDate "2006.05.22"]

1. d4 d5 2. c4 c6 3. Nc3 Nf6 4. Nf3 g6 5. Bg5 Bg7 6. e3 O-O 7. Be2 h6 8. Bxf6
Bxf6 9. O-O Na6 10. cxd5 cxd5 11. Rc1 Nc7 12. Nb5 Nxb5 13. Bxb5 1/2-1/2

[Event "Open Olimpico A Maggio"]
[Site "Torino ITA"]
[Date "2006.05.28"]
[Round "8"]
[White "Malano, Francesco"]
[Black "Aliferopulos, Andrea"]
[Result "0-1"]
[WhiteElo "2032"]
[BlackElo "1980"]
[PlyCount "94"]
[EventDate "2006.05.22"]

1. d4 Nf6 2. c4 g6 3. Nc3 Bg7 4. e4 d6 5. f3 O-O 6. Be3 e5 7. d5 Ne8 8. Qd2 f5
9. g3 Nf6 10. Nge2 Rf7 11. Bg2 Nbd7 12. O-O Qf8 13. b4 Nh5 14. Bf2 Bh6 15. Qd3
a5 16. a3 Ndf6 17. Rab1 axb4 18. axb4 Ra3 19. Qc2 fxe4 20. Qb2 Ra8 21. Nxe4
Nxe4 22. fxe4 Rxf2 23. Rxf2 Be3 24. Nc3 Qh6 25. Kf1 Bxf2 26. Kxf2 Bg4 27. Qc1
Qg7 28. Kg1 Nf6 29. c5 Qe7 30. Qg5 dxc5 31. Nb5 cxb4 32. Rc1 Rc8 33. h3 Bd7 34.
Bf1 Bxb5 35. Bxb5 Nxd5 36. Qg4 Rf8 37. exd5 Rf6 38. Qc8+ Rf8 39. Qxc7 Qg5 40.
Bf1 Qxg3+ 41. Bg2 Rf2 42. Qc8+ Kg7 43. Rc7+ Kh6 44. Rxh7+ Kxh7 45. Qxb7+ Kh6
46. d6 Re2 47. Kh1 Re1+ 0-1

[Event "Open Olimpico A Maggio"]
[Site "Torino ITA"]
[Date "2006.05.28"]
[Round "8"]
[White "Nolte, Rolando"]
[Black "Colin, Vincent"]
[Result "1/2-1/2"]
[WhiteElo "2372"]
[BlackElo "2401"]
[PlyCount "74"]
[EventDate "2006.05.22"]

1. e4 c5 2. Nf3 g6 3. Nc3 Bg7 4. d4 cxd4 5. Nxd4 Nc6 6. Be3 Nf6 7. Bc4 O-O 8.
Bb3 a5 9. O-O d6 10. f3 Nxd4 11. Bxd4 Bd7 12. a4 Bc6 13. Kh1 Nd7 14. Bxg7 Kxg7
15. Qd4+ Kg8 16. Bc4 Qb6 17. Qd2 Qb4 18. b3 Nb6 19. Bd3 d5 20. Rad1 d4 21. Ne2
Qxd2 22. Rxd2 e5 23. c3 dxc3 24. Nxc3 Rfd8 25. Rfd1 Kf8 26. Kg1 Ke7 27. Kf2
Rac8 28. Be2 Rxd2 29. Rxd2 f6 30. Rb2 Kd6 31. Ke3 Bd7 32. Na2 Be6 33. Bb5 Rc7
34. Kd2 Nd7 35. Nc3 Kc5 36. Na2 Kb6 37. Nc3 Kc5 1/2-1/2

[Event "Open Olimpico A Maggio"]
[Site "Torino ITA"]
[Date "2006.05.28"]
[Round "8"]
[White "Piantoni, Pierino"]
[Black "Spatola, Davide"]
[Result "0-1"]
[WhiteElo "1983"]
[BlackElo "2116"]
[PlyCount "66"]
[EventDate "2006.05.22"]

1. c4 Nf6 2. Nf3 g6 3. g3 Bg7 4. Bg2 O-O 5. O-O d6 6. d4 Nbd7 7. Nc3 c6 8. h3
Re8 9. Be3 e5 10. Qd2 e4 11. Ne1 a5 12. Nc2 d5 13. Rfd1 Nb6 14. c5 Nc4 15. Qc1
Nxe3 16. Qxe3 h5 17. Na4 Bf5 18. Qb3 Rb8 19. Nb6 Nd7 20. Ne3 Be6 21. Rac1 Nxb6
22. cxb6 Ra8 23. Rd2 Ra6 24. Nd1 Rxb6 25. Qc2 h4 26. Nc3 hxg3 27. fxg3 Bh6 28.
Na4 Rb4 29. b3 Be3+ 30. Kh2 Kg7 31. Qc3 Qg5 32. Rcd1 Rh8 33. Rc2 Bxh3 0-1

[Event "Open Olimpico A Maggio"]
[Site "Torino ITA"]
[Date "2006.05.28"]
[Round "8"]
[White "Pomerleano, Daniel"]
[Black "Sellitti, Federico"]
[Result "1/2-1/2"]
[WhiteElo "2280"]
[BlackElo "2124"]
[PlyCount "80"]
[EventDate "2006.05.22"]

1. d4 Nf6 2. Nf3 e6 3. c4 b6 4. a3 Bb7 5. Nc3 d5 6. cxd5 exd5 7. Bg5 Be7 8. e3
O-O 9. Rc1 a6 10. Bd3 Nbd7 11. O-O Ne4 12. Bf4 Bd6 13. Bxd6 Nxd6 14. Qb3 Nf6
15. Ne2 Rc8 16. Ng3 Nfe4 17. Qa4 c5 18. dxc5 Nxc5 19. Qc2 Nxd3 20. Qxd3 Qf6 21.
Qd4 Qxd4 22. Nxd4 g6 23. Nge2 Nc4 24. Rc2 Ne5 25. Rfc1 Nd3 26. Rxc8 Rxc8 27.
Rxc8+ Bxc8 28. Nc3 Bb7 29. b3 Nc5 30. Kf1 Kf8 31. Ke2 Ke7 32. Kd2 Kd6 33. f3 f6
34. Nce2 Bc6 35. Kc3 Be8 36. Nf4 Nd7 37. Nc2 a5 38. b4 Ne5 39. Kd4 Nc6+ 40. Kc3
Ne5 1/2-1/2

[Event "Open Olimpico A Maggio"]
[Site "Torino ITA"]
[Date "2006.05.28"]
[Round "8"]
[White "Racioppo, Paolo"]
[Black "Imbraguglia, Fabio"]
[Result "1/2-1/2"]
[WhiteElo "2184"]
[BlackElo "2072"]
[PlyCount "56"]
[EventDate "2006.05.22"]

1. f4 e5 2. fxe5 d6 3. exd6 Bxd6 4. Nf3 g5 5. g3 g4 6. Nh4 Ne7 7. d4 Ng6 8.
Nxg6 hxg6 9. Qd3 Nc6 10. c3 Bf5 11. e4 Qe7 12. Bg2 O-O-O 13. Be3 Rde8 14. Nd2
Rxh2 15. Rxh2 Bxg3+ 16. Ke2 Bxh2 17. exf5 Bf4 18. Nf1 Qg5 19. fxg6 f5 20. Bxc6
bxc6 21. g7 g3 22. g8=Q Rxg8 23. Nxg3 Qg4+ 24. Kd2 Bxe3+ 25. Qxe3 f4 26. Qe2
Qxg3 27. Rf1 Rf8 28. Qf3 Qg6 1/2-1/2

[Event "Open Olimpico A Maggio"]
[Site "Torino ITA"]
[Date "2006.05.28"]
[Round "8"]
[White "Sardo, Gabriele"]
[Black "Ljubisavljevic, Zivojin Z."]
[Result "1-0"]
[WhiteElo "2186"]
[BlackElo "2313"]
[PlyCount "67"]
[EventDate "2006.05.22"]

1. e4 d6 2. d4 e5 3. Nf3 exd4 4. Nxd4 Nf6 5. Nc3 Be7 6. Bf4 O-O 7. Qd2 Nc6 8.
O-O-O Nxd4 9. Qxd4 Be6 10. Kb1 a6 11. f3 b5 12. Qd2 b4 13. Nd5 Bxd5 14. exd5 a5
15. g4 Nd7 16. Re1 Bh4 17. Bg3 Bf6 18. f4 g6 19. h4 Nc5 20. g5 Bg7 21. Bf2 Qd7
22. Bh3 Qa4 23. f5 gxf5 24. Bxf5 Bxb2 25. Kxb2 Qa3+ 26. Ka1 b3 27. c3 Na4 28.
Bd4 Rab8 29. Re7 bxa2 30. Bxh7+ Kxh7 31. g6+ Kg8 32. gxf7+ Rxf7 33. Qg5+ Kf8
34. Rxf7+ 1-0

[Event "Open Olimpico A Maggio"]
[Site "Torino ITA"]
[Date "2006.05.28"]
[Round "8"]
[White "Smith, Andrew Philip"]
[Black "De Coverly, Roger D."]
[Result "1-0"]
[WhiteElo "2190"]
[BlackElo "2083"]
[PlyCount "61"]
[EventDate "2006.05.22"]

1. e4 d5 2. exd5 Nf6 3. h3 Qxd5 4. Nc3 Qe5+ 5. Be2 c6 6. Nf3 Qc7 7. O-O Bf5 8.
Re1 e6 9. Bc4 Be7 10. Nd4 O-O 11. Nxf5 exf5 12. Qf3 g6 13. d3 Re8 14. g4 Nbd7
15. Bf4 Qa5 16. a3 h5 17. b4 hxg4 18. Qg3 Qd8 19. hxg4 fxg4 20. Bc7 Qc8 21. Qf4
Nf8 22. Rxe7 Rxe7 23. Bd6 Re6 24. Bxf8 Qxf8 25. Bxe6 fxe6 26. Re1 Qf7 27. Na4
Nd5 28. Qxg4 Qf5 29. Qg3 Nf4 30. Nc5 Kg7 31. Qxf4 1-0

[Event "Open Olimpico A Maggio"]
[Site "Torino ITA"]
[Date "2006.05.28"]
[Round "8"]
[White "Torrione, William"]
[Black "Palmisano, Giuseppe"]
[Result "1/2-1/2"]
[WhiteElo "1854"]
[BlackElo "1951"]
[PlyCount "120"]
[EventDate "2006.05.22"]

1. d4 Nf6 2. c4 e6 3. Nf3 b6 4. Nbd2 Bb7 5. Qc2 c5 6. e3 cxd4 7. Nxd4 d5 8.
cxd5 Nxd5 9. Bb5+ Nd7 10. Qa4 N5f6 11. Bc6 Qc8 12. Nc4 Bxc6 13. Nxc6 Qb7 14.
N4e5 b5 15. Qb3 Nxe5 16. Nxe5 Bd6 17. Nf3 O-O 18. a4 b4 19. O-O a5 20. Bd2 Qb8
21. Rfc1 Rd8 22. Be1 Ng4 23. h3 Ne5 24. Nxe5 Bxe5 25. Rc5 Bd6 26. Rc6 Qb7 27.
Rac1 Rac8 28. Qc4 Rxc6 29. Qxc6 Qxc6 30. Rxc6 Kf8 31. b3 Be5 32. Rc1 Rd3 33.
Rb1 Ke7 34. Kf1 Rd7 35. Rc1 Rc7 36. Rxc7+ Bxc7 37. Ke2 Kd6 38. Kd3 Kc5 39. f3
f5 40. e4 g6 41. Bf2+ Kd6 42. Kc4 Kc6 43. Bd4 h5 44. exf5 gxf5 45. g4 hxg4 46.
hxg4 fxg4 47. fxg4 e5 48. Be3 Kd6 49. Bg5 Kc6 50. Be7 Kd7 51. Bc5 Ke6 52. Be3
Kd6 53. Kb5 Bd8 54. g5 Ke6 55. Kc5 Kf5 56. Kd5 Bxg5 57. Bxg5 Kxg5 58. Kxe5 Kg4
59. Ke4 Kg3 60. Ke3 Kg4 1/2-1/2

[Event "Open Olimpico A Maggio"]
[Site "Torino ITA"]
[Date "2006.05.28"]
[Round "8"]
[White "Turino, Luca"]
[Black "Finocchiaro, Gianluca"]
[Result "0-1"]
[WhiteElo "1853"]
[BlackElo "1934"]
[PlyCount "62"]
[EventDate "2006.05.22"]

1. d4 Nf6 2. c4 g6 3. Nc3 d5 4. Bg5 c6 5. Bxf6 exf6 6. e3 Be6 7. c5 Nd7 8. b4
Bg7 9. Bd3 O-O 10. Nf3 f5 11. O-O Qc7 12. Ne2 Bh6 13. g3 b6 14. Qc2 bxc5 15.
bxc5 Nf6 16. Ne5 Ne4 17. Rfc1 Bg7 18. Nf3 Rab8 19. Qa4 Rb2 20. Rab1 Rfb8 21.
Rxb2 Rxb2 22. Rb1 Rxb1+ 23. Bxb1 Qb7 24. Qb3 Qc7 25. Qb2 Nxc5 26. Ne1 Ne4 27.
f3 Nf6 28. Nd3 Nd7 29. Qa3 Bf8 30. Nc5 Qb6 31. Nxe6 Qxb1+ 0-1

[Event "Open Olimpico A Maggio"]
[Site "Torino ITA"]
[Date "2006.05.28"]
[Round "8"]
[White "Vehi Bach, Victor Manuel"]
[Black "Manfredi, Vincenzo"]
[Result "1-0"]
[WhiteElo "2335"]
[BlackElo "2132"]
[PlyCount "79"]
[EventDate "2006.05.22"]

1. e4 c5 2. Nf3 Nc6 3. d4 cxd4 4. Nxd4 Qc7 5. Nc3 e6 6. Be3 a6 7. Qd2 Nf6 8.
O-O-O Bb4 9. f3 Ne5 10. Nb3 b5 11. Kb1 Be7 12. Qf2 d6 13. g4 O-O 14. g5 Nfd7
15. Rg1 Rb8 16. f4 Nc4 17. Bxc4 bxc4 18. Nd4 Nb6 19. f5 d5 20. f6 Bb4 21. fxg7
Re8 22. Nde2 Bd7 23. exd5 Nxd5 24. Rxd5 Bxc3 25. Rxd7 Rxb2+ 26. Kc1 Qxd7 27.
Nxc3 Qb7 28. Bc5 e5 29. g6 hxg6 30. Rxg6 Rb8 31. Qh4 Rxc2+ 32. Kxc2 Qb2+ 33.
Kd1 Qa1+ 34. Ke2 Rb2+ 35. Ke3 Qc1+ 36. Ke4 Qc2+ 37. Kxe5 Qxc3+ 38. Kd6 Rd2+ 39.
Kc6 Qf3+ 40. Kc7 1-0

[Event "Open Olimpico A Maggio"]
[Site "Torino ITA"]
[Date "2006.05.29"]
[Round "9"]
[White "Al Sulaiti, Ghanem"]
[Black "Banchio, Davide"]
[Result "1-0"]
[WhiteElo "2135"]
[BlackElo "1931"]
[PlyCount "63"]
[EventDate "2006.05.22"]

1. e4 c5 2. Nf3 d6 3. d4 cxd4 4. Nxd4 Nf6 5. Nc3 g6 6. Be3 Bg7 7. f3 O-O 8. Bc4
Nc6 9. Qd2 Bd7 10. O-O-O Rc8 11. Bb3 Ne5 12. g4 Nc4 13. Bxc4 Rxc4 14. Kb1 b5
15. Nb3 b4 16. Ne2 Be6 17. Nbd4 Qd7 18. Bh6 Rfc8 19. h4 Bxg4 20. Bxg7 Bxf3 21.
Bxf6 Bxh1 22. Rxh1 exf6 23. b3 R4c5 24. Nf4 Qg4 25. Nd5 Kg7 26. Qf2 Qxe4 27.
Qxf6+ Kg8 28. Ne7+ Kf8 29. Rf1 Rf5 30. Nexf5 gxf5 31. Qh8+ Ke7 32. Qxc8 1-0

[Event "Open Olimpico A Maggio"]
[Site "Torino ITA"]
[Date "2006.05.29"]
[Round "9"]
[White "Bevilacqua, Roberto"]
[Black "Machin Arbelo, Pedro Alexis"]
[Result "0-1"]
[WhiteElo "2158"]
[BlackElo "2115"]
[PlyCount "110"]
[EventDate "2006.05.22"]

1. e4 c5 2. Nc3 e6 3. Nf3 Nc6 4. d4 cxd4 5. Nxd4 Bb4 6. Qd3 a6 7. a3 Ba5 8. b4
Bb6 9. Be3 Ne5 10. Qd1 Nf6 11. Be2 Qc7 12. Qd2 Neg4 13. O-O-O Nxe3 14. fxe3 O-O
15. Rdf1 d5 16. exd5 Nxd5 17. Nxd5 exd5 18. Bd3 Bd7 19. Kb2 a5 20. c3 axb4 21.
axb4 Ra4 22. g3 Qe5 23. Ra1 Rxa1 24. Rxa1 Re8 25. Re1 Bd8 26. Qg2 Qg5 27. h4
Qh6 28. Qxd5 Bc6 29. Nxc6 bxc6 30. Qd7 Rf8 31. Bc4 Bf6 32. e4 Be5 33. Rf1 Qe3
34. Qd3 Qxd3 35. Bxd3 Bxg3 36. h5 Rb8 37. Rf5 f6 38. Ra5 Be5 39. Kb3 Rb7 40.
Rc5 Rc7 41. Ra5 g6 42. Be2 Kg7 43. Ra6 Kh6 44. hxg6 hxg6 45. c4 Kg5 46. Kc2 Kf4
47. Bd3 Ke3 48. Ra3 g5 49. Kb1 Kd4 50. b5 cxb5 51. cxb5 g4 52. Be2 g3 53. b6 g2
54. Rd3+ Kxe4 55. Rd1 Rg7 0-1

[Event "Open Olimpico A Maggio"]
[Site "Torino ITA"]
[Date "2006.05.29"]
[Round "9"]
[White "Chiarotto, Filippo"]
[Black "Kruijf, Caspar"]
[Result "1/2-1/2"]
[WhiteElo "1880"]
[BlackElo "2012"]
[PlyCount "56"]
[EventDate "2006.05.22"]

1. e4 e5 2. Bc4 Nc6 3. Nf3 Bc5 4. c3 Nf6 5. Qe2 d6 6. h3 Be6 7. Bxe6 fxe6 8. d3
O-O 9. b4 Bb6 10. a4 a6 11. Na3 Qe8 12. Nc4 Ba7 13. Be3 Nh5 14. g3 Bxe3 15.
Nxe3 Qg6 16. Nh4 Qf7 17. O-O Kh8 18. Ng4 Ne7 19. d4 exd4 20. cxd4 c6 21. Kh2
Nf6 22. f4 Qh5 23. Qf3 d5 24. Nxf6 Qxf3 25. Nxf3 gxf6 26. e5 fxe5 27. fxe5 h6
28. g4 Kg7 1/2-1/2

[Event "Open Olimpico A Maggio"]
[Site "Torino ITA"]
[Date "2006.05.29"]
[Round "9"]
[White "Colin, Vincent"]
[Black "Hofstetter, Hans Joachim"]
[Result "1-0"]
[WhiteElo "2401"]
[BlackElo "2222"]
[PlyCount "97"]
[EventDate "2006.05.22"]

1. c4 Nf6 2. Nc3 e6 3. d4 Bb4 4. e3 O-O 5. Bd3 c5 6. Nf3 d5 7. O-O Nc6 8. a3
Bxc3 9. bxc3 Qc7 10. Bb2 dxc4 11. Bxc4 e5 12. h3 Bf5 13. Qe2 Rfe8 14. Bb5 e4
15. Nd2 a6 16. Bxc6 Qxc6 17. c4 Qa4 18. dxc5 Nd7 19. Bd4 Rac8 20. Qh5 Bg6 21.
Qd5 Qa5 22. Qxd7 Qxd2 23. Qxb7 Ra8 24. Qb2 Qxb2 25. Bxb2 f6 26. Bd4 Rab8 27.
Rfb1 Bf7 28. Rb6 Bxc4 29. Rc1 Bb5 30. Rb1 Rbc8 31. g4 Rc7 32. Rb4 Ree7 33. Kh2
Kf7 34. h4 Re6 35. Kg3 Ree7 36. Kf4 Bd3 37. Rb8 Re8 38. R4b7 Ree7 39. Rb6 Bb5
40. g5 Rc6 41. gxf6 gxf6 42. Rxc6 Bxc6 43. Rb6 Rc7 44. Rxa6 Ke6 45. Kg4 Rg7+
46. Kh5 Rc7 47. Kh6 Kf5 48. Rb6 Ke6 49. Rb8 1-0

[Event "Open Olimpico A Maggio"]
[Site "Torino ITA"]
[Date "2006.05.29"]
[Round "9"]
[White "De Coverly, Roger D."]
[Black "Vezzani, Stefano"]
[Result "1/2-1/2"]
[WhiteElo "2083"]
[BlackElo "2195"]
[PlyCount "99"]
[EventDate "2006.05.22"]

1. Nf3 f5 2. d4 Nf6 3. g3 e6 4. Bg2 d5 5. O-O Bd6 6. Bf4 O-O 7. c4 Bxf4 8. gxf4
c6 9. Ne5 Qe7 10. Nd2 Bd7 11. f3 c5 12. Nb3 cxd4 13. cxd5 Nxd5 14. Qxd4 Nc6 15.
Qc5 Nxe5 16. Qxe7 Nxe7 17. fxe5 f4 18. Nc5 Bc8 19. Bh3 Kf7 20. Rfd1 Ng6 21.
Nxb7 Nxe5 22. Nd6+ Kf6 23. Rac1 Rd8 24. Rc7 Rd7 25. Ne4+ Ke7 26. Rdxd7+ Bxd7
27. Kf2 a5 28. Rb7 a4 29. Ng5 Kf6 30. Ne4+ Ke7 31. Nc5 Kd6 32. Nxd7 Nxd7 33.
Rb4 g5 34. Rd4+ Ke7 35. b4 axb3 36. axb3 Rb8 37. b4 Nf6 38. Rc4 Kd6 39. Rd4+
Nd5 40. b5 Rxb5 41. Ra4 Rb6 42. Ra8 Ke5 43. Bg4 Kf6 44. Bh5 Ne3 45. Ra1 Rd6 46.
Be8 Rd1 47. Rxd1 Nxd1+ 48. Ke1 Ne3 49. Kf2 h6 50. h3 1/2-1/2

[Event "Open Olimpico A Maggio"]
[Site "Torino ITA"]
[Date "2006.05.29"]
[Round "9"]
[White "Fassio, Luca"]
[Black "Bozzali, Ermanno"]
[Result "0-1"]
[WhiteElo "2039"]
[BlackElo "2089"]
[PlyCount "118"]
[EventDate "2006.05.22"]

1. e4 c5 2. c3 d5 3. exd5 Qxd5 4. d4 Nf6 5. Nf3 e6 6. Bd3 Be7 7. O-O O-O 8. Be3
Nc6 9. a3 cxd4 10. cxd4 b6 11. Nc3 Qd6 12. Rc1 Bb7 13. Bb1 g6 14. Qe2 Rac8 15.
Rfd1 Nd5 16. Ne4 Qb8 17. Bh6 Rfd8 18. h4 Nf6 19. Ng3 Na5 20. h5 Rxc1 21. Bxc1
Nb3 22. hxg6 hxg6 23. Be3 Ng4 24. Bg5 Bxg5 25. Nxg5 Qf4 26. Nf3 Bxf3 27. gxf3
Nxd4 28. Rxd4 Rxd4 29. fxg4 Qc1+ 30. Kg2 Qxb1 31. Qe5 Qd3 32. Qb8+ Rd8 33. Qxa7
Qd5+ 34. Kg1 b5 35. Qb6 Rc8 36. Qe3 Qd1+ 37. Kg2 Qxg4 38. Qe5 Qc4 39. Ne4 Qd5
40. Qxd5 exd5 41. Nf6+ Kg7 42. Nxd5 Rc2 43. b3 Rb2 44. a4 Rxb3 45. axb5 Rxb5
46. Ne3 g5 47. Kf3 f5 48. Kg2 Kf6 49. Kf3 Rb3 50. Kg2 Ke5 51. Nc4+ Kf4 52. Nd2
Rc3 53. Nf1 g4 54. Nh2 Rc1 55. Nf1 Rxf1 56. Kxf1 Kf3 57. Kg1 Ke2 58. Kg2 f4 59.
Kg1 f3 0-1

[Event "Open Olimpico A Maggio"]
[Site "Torino ITA"]
[Date "2006.05.29"]
[Round "9"]
[White "Finocchiaro, Gianluca"]
[Black "Faraoni, Enrico"]
[Result "0-1"]
[WhiteElo "1934"]
[BlackElo "2135"]
[PlyCount "60"]
[EventDate "2006.05.22"]

1. e4 d6 2. d4 Nf6 3. Nc3 g6 4. Bg5 Bg7 5. Qd2 O-O 6. Bh6 Bxh6 7. Qxh6 c5 8.
dxc5 Qa5 9. f3 Qxc5 10. Bd3 Nc6 11. Nge2 Bd7 12. O-O-O Rfc8 13. g4 Nb4 14. h4
b5 15. h5 g5 16. e5 Nxd3+ 17. Rxd3 Qxe5 18. f4 gxf4 19. Rg1 Kh8 20. Qxf4 Qxf4+
21. Nxf4 Nxg4 22. Rdg3 f5 23. Re1 e5 24. Nfd5 Rc4 25. b3 Rc5 26. Rd1 Rac8 27.
Kb2 f4 28. Rf3 Ne3 29. Nxe3 Rxc3 30. Rxd6 Rxe3 0-1

[Event "Open Olimpico A Maggio"]
[Site "Torino ITA"]
[Date "2006.05.29"]
[Round "9"]
[White "Leoni, Alessandro"]
[Black "Piantoni, Pierino"]
[Result "0-1"]
[WhiteElo "1835"]
[BlackElo "1983"]
[PlyCount "100"]
[EventDate "2006.05.22"]

1. e4 e6 2. d4 d5 3. Nc3 Bb4 4. e5 c5 5. Qg4 Ne7 6. Nf3 Qc7 7. Bb5+ Bd7 8. O-O
cxd4 9. Bxd7+ Nxd7 10. Nb5 Qb8 11. c3 a6 12. Nbxd4 Ba5 13. Qg3 Ng6 14. Re1 Bc7
15. Bf4 Nc5 16. Nd2 Nxf4 17. Qxf4 Nd3 18. Qg3 Nxe1 19. Rxe1 O-O 20. f4 b5 21.
f5 exf5 22. Nxf5 g6 23. Nf3 f6 24. Ne7+ Kg7 25. Nxd5 Qa7+ 26. Kh1 Rac8 27. Nd4
Bxe5 28. Nf5+ Kg8 29. Nh6+ Kh8 30. Qf3 Rce8 31. Ng4 Bxh2 32. Qxf6+ Rxf6 33.
Rxe8+ Kg7 34. Kxh2 Rf7 35. Ne5 Rb7 36. Nc6 Qc5 37. Re7+ Rxe7 38. Ncxe7 Kh6 39.
Kh3 Kg5 40. g3 h5 41. Kg2 Qd6 42. Kf3 Qe5 43. b3 Qe6 44. Kf2 Qe4 45. a4 bxa4
46. bxa4 a5 47. Kg1 Qe1+ 48. Kg2 Qe2+ 49. Kg1 Kg4 50. Nxg6 Kxg3 0-1

[Event "Open Olimpico A Maggio"]
[Site "Torino ITA"]
[Date "2006.05.29"]
[Round "9"]
[White "Ljubisavljevic, Zivojin Z."]
[Black "Bohaddoune, Oussama"]
[Result "1-0"]
[WhiteElo "2313"]
[BlackElo "2206"]
[PlyCount "104"]
[EventDate "2006.05.22"]

1. d4 Nf6 2. Bg5 Ne4 3. Bf4 d5 4. f3 Nf6 5. c3 c5 6. dxc5 Nc6 7. b4 e5 8. Bg5
Be7 9. e4 d4 10. b5 Na5 11. cxd4 exd4 12. Bd3 Qc7 13. Qc1 Bxc5 14. Nd2 Nd7 15.
Ne2 Ne5 16. Qb1 O-O 17. O-O Ng6 18. Nb3 Nxb3 19. axb3 Bd7 20. Rc1 Qb6 21. Bd2
Qd6 22. Kh1 Bb6 23. f4 Rfc8 24. Rf1 Nf8 25. e5 Qc5 26. Rc1 Qe7 27. Ng3 Rxc1+
28. Qxc1 Rc8 29. Qe1 Qh4 30. Qe4 Rc7 31. Bb4 g6 32. Bc4 Ne6 33. f5 Qxe4 34.
Nxe4 Nc5 35. Bxc5 Bxc5 36. e6 Bc8 37. exf7+ Kf8 38. fxg6 hxg6 39. Nf6 Rxf7 40.
Bxf7 Kxf7 41. Ne4 Bf8 42. Rd1 Bd7 43. Rxd4 Ke7 44. Nc5 Bxb5 45. Nxb7 Ke6 46. b4
Ke5 47. Rg4 Kf5 48. h3 Be2 49. Rd4 Ke5 50. Rd8 Be7 51. Re8 Kf6 52. Nc5 a5 1-0

[Event "Open Olimpico A Maggio"]
[Site "Torino ITA"]
[Date "2006.05.29"]
[Round "9"]
[White "Llupa, Oltjon"]
[Black "Torrione, William"]
[Result "0-1"]
[WhiteElo "1995"]
[BlackElo "1854"]
[PlyCount "78"]
[EventDate "2006.05.22"]

1. d4 d5 2. c4 c6 3. Nc3 Nf6 4. Nf3 e6 5. Bg5 Be7 6. Qc2 Nbd7 7. e3 h6 8. Bxf6
Nxf6 9. g4 a6 10. a4 Bb4 11. g5 Ne4 12. g6 f6 13. Bd3 Ng5 14. Nd2 e5 15. dxe5
fxe5 16. h4 Ne6 17. O-O-O d4 18. Nce4 c5 19. Nf3 Qc7 20. Rdf1 Bd7 21. Nxe5 Qxe5
22. f4 Qc7 23. f5 dxe3 24. fxe6 Bxe6 25. Qe2 O-O-O 26. Qxe3 Rhe8 27. b3 Qe5 28.
Kb1 Ba3 29. Rf2 Bf5 30. Nd6+ Qxd6 31. Bxf5+ Kb8 32. Qf4 Qxf4 33. Rxf4 Re2 34.
Re4 Rb2+ 35. Ka1 Rdd2 36. Re8+ Ka7 37. Bb1 Rxb3 38. Rhe1 Bb2+ 39. Ka2 Ra3# 0-1

[Event "Open Olimpico A Maggio"]
[Site "Torino ITA"]
[Date "2006.05.29"]
[Round "9"]
[White "Messina, Marco"]
[Black "Mordiglia, Riccardo"]
[Result "0-1"]
[WhiteElo "2034"]
[BlackElo "2110"]
[PlyCount "62"]
[EventDate "2006.05.22"]

1. d4 g6 2. c4 Bg7 3. Nc3 d6 4. e4 Nc6 5. Be3 e5 6. d5 Nce7 7. f3 f5 8. g3 Nf6
9. Bg2 O-O 10. Nge2 fxe4 11. Nxe4 c6 12. N2c3 Nf5 13. Bf2 Bh6 14. Qd3 c5 15.
O-O Nd4 16. g4 Nxe4 17. Nxe4 a5 18. Rae1 Qe7 19. Bg3 Bf4 20. Bxf4 Rxf4 21. Ng3
b5 22. Qd2 Qf8 23. b3 bxc4 24. bxc4 Ba6 25. Ne2 Nxe2+ 26. Rxe2 Bxc4 27. Re4
Rxe4 28. fxe4 Bxf1 29. Bxf1 Qf3 30. h3 Qxe4 31. Qg5 Qd4+ 0-1

[Event "Open Olimpico A Maggio"]
[Site "Torino ITA"]
[Date "2006.05.29"]
[Round "9"]
[White "Minnican, Alan"]
[Black "Canonne, Antoine"]
[Result "1/2-1/2"]
[WhiteElo "2150"]
[BlackElo "2052"]
[PlyCount "22"]
[EventDate "2006.05.22"]

1. c4 Nc6 2. Nc3 e5 3. Nf3 f5 4. d4 e4 5. Ng5 Bb4 6. g3 Qf6 7. a3 Bxc3+ 8. bxc3
Na5 9. c5 b6 10. Qa4 Bb7 11. Bg2 Ne7 1/2-1/2

[Event "Open Olimpico A Maggio"]
[Site "Torino ITA"]
[Date "2006.05.29"]
[Round "9"]
[White "Monge, Maurizio"]
[Black "Bottini, Paolo"]
[Result "0-1"]
[WhiteElo "1793"]
[BlackElo "1908"]
[PlyCount "158"]
[EventDate "2006.05.22"]

1. d4 d5 2. Nf3 Nf6 3. c4 e6 4. Nc3 Be7 5. Bf4 O-O 6. e3 c5 7. Bd3 Nc6 8. O-O
a6 9. cxd5 exd5 10. Rc1 Bg4 11. dxc5 Bxc5 12. a3 h6 13. h3 Be6 14. Bb1 Qe7 15.
Qc2 Bd6 16. Bxd6 Qxd6 17. Rfd1 Ne5 18. Nxe5 Qxe5 19. Rd4 Rac8 20. Qd3 Rc4 21.
Rd1 Rfc8 22. Rxc4 dxc4 23. Qd8+ Ne8 24. Qe7 Qc7 25. Qh4 Nf6 26. Ne4 Nxe4 27.
Qxe4 g6 28. Qd4 b5 29. Qf6 c3 30. Rc1 Qd7 31. bxc3 Qd2 32. Rf1 Qxc3 33. Qe7 Kg7
34. Be4 Qc5 35. Qxc5 Rxc5 36. Ra1 a5 37. Kf1 Bb3 38. Ke2 Kf6 39. Kd2 Ke5 40. f3
f5 41. Bd3 Kd5 42. g4 Bc4 43. Bc2 Kd6 44. e4 fxe4 45. fxe4 Ke5 46. Ke3 Be6 47.
Bd3 Bd7 48. Ra2 Bc6 49. Rc2 Rxc2 50. Bxc2 b4 51. axb4 axb4 52. h4 g5 53. hxg5
hxg5 54. Bb1 b3 55. Bd3 Bd7 56. Kf3 Kd4 57. Bb1 Kc3 58. Kg3 Bb5 59. e5 Kd4 60.
e6 Ke5 61. e7 Ke6 62. Kf3 Kxe7 63. Ke4 Kf6 64. Kd5 Bd7 65. Kc4 Bxg4 66. Kxb3
Ke5 67. Kc3 Bf5 68. Ba2 Ke4 69. Kd2 Kf3 70. Ke1 Kg2 71. Bd5+ Kh2 72. Kf1 g4 73.
Bc6 g3 74. Ke1 Bh3 75. Kd2 Bg2 76. Bb5 Kg1 77. Bd7 Kf2 78. Kc3 Bf3 79. Bh3 Bg4
0-1

[Event "Open Olimpico A Maggio"]
[Site "Torino ITA"]
[Date "2006.05.29"]
[Round "9"]
[White "Naumkin, Igor"]
[Black "Sardo, Gabriele"]
[Result "1-0"]
[WhiteElo "2415"]
[BlackElo "2186"]
[PlyCount "73"]
[EventDate "2006.05.22"]

1. d4 Nf6 2. c4 g6 3. Nc3 d5 4. cxd5 Nxd5 5. e4 Nxc3 6. bxc3 Bg7 7. Bc4 c5 8.
Ne2 O-O 9. O-O Nc6 10. Be3 cxd4 11. cxd4 Bg4 12. f3 Na5 13. Bxf7+ Rxf7 14. fxg4
Rxf1+ 15. Kxf1 Qd7 16. Kg1 Qxg4 17. Qd3 Rc8 18. h3 Qd7 19. Rf1 Qa4 20. Nf4 Qd7
21. d5 Rc3 22. Qe2 Qa4 23. Ne6 Qxe4 24. Nxg7 Rxe3 25. Qf2 Rf3 26. Qxf3 Qxf3 27.
Rxf3 Kxg7 28. Ra3 b6 29. Rc3 Kf6 30. Rc7 a6 31. Kf2 h5 32. Kf3 Ke5 33. Rxe7+
Kxd5 34. Ra7 Kc6 35. Rg7 Nc4 36. Rxg6+ Kc5 37. Ke4 1-0

[Event "Open Olimpico A Maggio"]
[Site "Torino ITA"]
[Date "2006.05.29"]
[Round "9"]
[White "Palmisano, Giuseppe"]
[Black "Crepaldi, Manuele"]
[Result "1-0"]
[WhiteElo "1951"]
[BlackElo "1772"]
[PlyCount "51"]
[EventDate "2006.05.22"]

1. d4 Nf6 2. c4 g6 3. Nc3 d5 4. Bf4 Bg7 5. e3 c5 6. Nf3 cxd4 7. Nxd4 a6 8. Qa4+
Bd7 9. Qb3 Nc6 10. Qxb7 Nxd4 11. exd4 dxc4 12. Bxc4 O-O 13. O-O e6 14. Rfe1 Qa5
15. Bd6 Rfc8 16. Qb3 Qg5 17. d5 exd5 18. Nxd5 Bf8 19. Bf4 Qh4 20. g3 Nxd5 21.
gxh4 Nxf4 22. Bxf7+ Kh8 23. Qf3 Nh3+ 24. Kh1 Nxf2+ 25. Qxf2 Bc5 26. Qf6# 1-0